banner

Embriología humana: (Registro nro. 790)

000 -LEADER
fixed length control field 02179nam a2200229 a 4500
003 - CONTROL NUMBER IDENTIFIER
control field AR-BaISA
005 - DATE AND TIME OF LATEST TRANSACTION
control field 20220323114918.0
006 - FIXED-LENGTH DATA ELEMENTS--ADDITIONAL MATERIAL CHARACTERISTICS
fixed length control field aad||fr|||| 001 0
007 - PHYSICAL DESCRIPTION FIXED FIELD--GENERAL INFORMATION
fixed length control field ta
008 - FIXED-LENGTH DATA ELEMENTS--GENERAL INFORMATION
fixed length control field 220323s2003 ag ad||f |||| 001 0 spa d
020 ## - INTERNATIONAL STANDARD BOOK NUMBER
International Standard Book Number 9500204061
020 ## - INTERNATIONAL STANDARD BOOK NUMBER
International Standard Book Number 9789500204061
040 ## - CATALOGING SOURCE
Language of cataloging spa
Transcribing agency AR-BaISA
082 04 - DEWEY DECIMAL CLASSIFICATION NUMBER
Edition number 22
Classification number 611.013 G586
100 1# - MAIN ENTRY--PERSONAL NAME
9 (RLIN) 1872
Personal name Gómez Dumm, César
Relator term aut.
245 10 - TITLE STATEMENT
Title Embriología humana:
Remainder of title atlas y texto /
Statement of responsibility, etc. César Gómez Dumm
300 ## - PHYSICAL DESCRIPTION
Extent XIII, 429 p.:
Other physical details il., graf.
504 ## - BIBLIOGRAPHY, ETC. NOTE
Bibliography, etc. note Bibliografía p.: 415-427
505 ## - FORMATTED CONTENTS NOTE
Title Gisela A. Camihort / Órganos de la reproducción y generalidades --
-- Héctor H. Del Zotto / Mecanismos biológicos del desarrollo embrinario. Malformaciones congénitas --
-- Jorge R. Ronderos / Fecundación --
-- César L. A. Gómez Dumm / Primera semana del desarrollo. Segmentación e implatación --
-- César L. A. Gómez Dumm / Segunda semana del desarrollo. Disco embrionario bilaminar --
-- César L. A. Gómez Dumm / Tercera semana del desarrollo. Disco embrionario trilaminar --
-- César L. A. Gómez Dumm / Período somítico. Plegamiento --
-- César L. A. Gómez Dumm / Quinta a octava semana del desarrollo --
-- Gloria M. Cónsole / Anexos embrionarios y placenta --
-- César L. A. Gómez Dumm / Período fetal --
-- César L. A. Gómez Dumm / Aparato digestivo --
-- Georgina C. Luna / Aparato respitario --
-- César L. A. Gómez Dumm / Cavidades del cuerpo y mesos --
-- César L. A. Gómez Dumm / Sistema muscular --
-- César L. A. Gómez Dumm / Sistema esquelético y miembros --
-- Martha S. Vidal / Aparato urinario --
-- Ana María Sémplici / Aparato genital --
-- Gloria M. Cónsole / Desarrollo del corazón y grandes vasos --
-- Ana María Semplici / Desarrollo de arterias y venas. Circulación fetal --
-- Gloria M. Cónsole / Sistema linfático --
-- Martha S. Vidal / Hematopoyesis prenatal --
-- Néstor G. Carri y César L. A. Gómez Dumm / Sistema nervioso --
-- Néstor G. Carri / Desarrollo del ojo --
-- Gloria M. Cónsolse / Desarrollo del oído --
-- César L. A. Gómez Dumm / Cara, nariz, boca --
-- Gisela A. Camihort / Sistema tegumentario
650 14 - SUBJECT ADDED ENTRY--TOPICAL TERM
9 (RLIN) 1279
Topical term or geographic name entry element Embriología humana
942 ## - ADDED ENTRY ELEMENTS (KOHA)
Source of classification or shelving scheme
Koha item type Libros
Edition 22
Existencias
Withdrawn status Lost status Source of classification or shelving scheme Damaged status Not for loan Permanent Location Current Location Date acquired Inventory number Total Checkouts Total Renewals Full call number Barcode Date last seen Date last checked out Copy number Price effective from Koha item type Checked out
          Biblioteca ISALUD. Dr. Néstor Rodríguez Campoamor Biblioteca ISALUD. Dr. Néstor Rodríguez Campoamor 2022-03-23 2544 6 3 611.013 G586 2544 2024-06-10 2024-05-10 ej. 2 2022-03-23 Libros  
          Biblioteca ISALUD. Dr. Néstor Rodríguez Campoamor Biblioteca ISALUD. Dr. Néstor Rodríguez Campoamor 2022-03-23 2542 5 5 611.013 G586 2542 2024-05-31 2023-11-14 ej. 1 2022-03-23 Libros  
          Biblioteca ISALUD. Dr. Néstor Rodríguez Campoamor Biblioteca ISALUD. Dr. Néstor Rodríguez Campoamor 2022-03-23 2572 4 3 611.013 G586 2572 2024-05-24 2024-05-10 ej. 3 2022-03-23 Libros  
          Biblioteca ISALUD. Dr. Néstor Rodríguez Campoamor Biblioteca ISALUD. Dr. Néstor Rodríguez Campoamor 2022-03-23 2573 7 5 611.013 G586 2573 2026-03-30 2026-03-30 ej. 4 2022-03-23 Libros 2026-04-23